Differential equations with boundary-value problems / (Record no. 544079)

000 -LEADER
fixed length control field 00699pam a2200217 a 4500
020 ## - INTERNATIONAL STANDARD BOOK NUMBER
International Standard Book Number 0534931588
082 00 - DEWEY DECIMAL CLASSIFICATION NUMBER
Classification number 515/.35
Author Mark ZIL
100 1# - MAIN ENTRY--PERSONAL NAME
Personal name Zill, Dennis G.,
9 (RLIN) 1266
245 10 - TITLE STATEMENT
Title Differential equations with boundary-value problems /
Statement of responsibility, etc. Dennis G. Zill.
250 ## - EDITION STATEMENT
Edition statement 3rd ed. /
260 ## - PUBLICATION, DISTRIBUTION, ETC.
Place of publication, distribution, etc. Rawalpindi :
Name of publisher, distributor, etc. Marshal Printing Pres,
300 ## - PHYSICAL DESCRIPTION
Extent 1 v. (various pagings) :
Other physical details ill. (some col.) ;
Dimensions 24 cm.
500 ## - GENERAL NOTE
General note Includes index.
526 ## - STUDY PROGRAM INFORMATION NOTE
Program name 0
Interest level 0
Reading level 0
Title point value 515_350000000000000_ZIL
526 ## - STUDY PROGRAM INFORMATION NOTE
Program name 0
Interest level 0
Reading level 0
Title point value 515_350000000000000_ZIL
650 #0 - SUBJECT ADDED ENTRY--TOPICAL TERM
Topical term or geographic name entry element Boundary value problems.
9 (RLIN) 689
650 #0 - SUBJECT ADDED ENTRY--TOPICAL TERM
Topical term or geographic name entry element Differential equations.
9 (RLIN) 688
650 #0 - SUBJECT ADDED ENTRY--TOPICAL TERM
Topical term or geographic name entry element MCE
9 (RLIN) 379
700 1# - ADDED ENTRY--PERSONAL NAME
Personal name Cullen, Michael R.
9 (RLIN) 10574
942 ## - ADDED ENTRY ELEMENTS (KOHA)
Source of classification or shelving scheme
Koha item type Book
Holdings
Withdrawn status Lost status Source of classification or shelving scheme Damaged status Not for loan Permanent Location Current Location Date acquired Total Checkouts Total Renewals Full call number Barcode Date last seen Date last checked out Price effective from Koha item type
          Military College of Engineering (MCE) Military College of Engineering (MCE) 04/10/2014 5 1 515/.35 ZIL MCE-38083 07/02/2018 04/25/2018 04/10/2014 Book
          Military College of Engineering (MCE) Military College of Engineering (MCE) 08/29/2014 5   515/.35 ZIL MCE-38082 07/11/2018 04/05/2018 08/29/2014 Book
© 2023 Central Library, National University of Sciences and Technology. All Rights Reserved.